000 00629nam a2200169 i 4500
001 83848
003 ES-MaACL
005 20230906174913.0
007 t|
008 041118q1930 fr ||||1| fre d
100 1 _aIstrati, Panaït.
_965605
245 1 4 _aLes récits d'Adrien Zograffi /
_cPanaït Istrati.
260 _aParis :
_b[s.n.,
_c1930-19--?] (
_fMayenne-Floch)
300 _a5 t. en 6 v. ;
_c19 cm.
505 8 _aContiene: V. I: Kyra Kyralina. -- V. II: Oncle Anghel. -- V. III: Les Handones. -- V. IV: Enfance d'Adrien Zograffi: Codine. -- V. V: Adolescence d'Adrien Zograffi: Mikhail
852 _aES-MaACL
_jA-3749-54
999 _c83848
_d83848